00350pab a2200133 454500008004000000100002000040245003700060260000900097300001300106362001100119650003400130650001800164773003400182180718b2011 xxu||||| |||| 00| 0 eng d aBardhan, Pranab aOur self-righteous civil society c2011 ap.16-18. a16 Jul aNongovernmental organizations aCivil society aEconomic and Political Weekly